<?xml version="1.0" encoding="UTF-8"?>
<record
    xmlns:xsi="http://www.w3.org/2001/XMLSchema-instance"
    xsi:schemaLocation="http://www.loc.gov/MARC21/slim http://www.loc.gov/standards/marcxml/schema/MARC21slim.xsd"
    xmlns="http://www.loc.gov/MARC21/slim">

  <leader>02923nam a22003377u 4500</leader>
  <controlfield tag="001">pwiiw4912</controlfield>
  <controlfield tag="003">OSt</controlfield>
  <controlfield tag="005">20260516120038.0</controlfield>
  <controlfield tag="008">190612t2019    au ||||| |||| 00| ||eng d</controlfield>
  <datafield tag="040" ind1=" " ind2=" ">
    <subfield code="c">OSt</subfield>
  </datafield>
  <datafield tag="041" ind1=" " ind2=" ">
    <subfield code="a">eng</subfield>
  </datafield>
  <datafield tag="084" ind1=" " ind2=" ">
    <subfield code="a">F22</subfield>
    <subfield code="a">J01</subfield>
    <subfield code="a">J08</subfield>
    <subfield code="a">J11</subfield>
    <subfield code="a">J21</subfield>
    <subfield code="a">J23</subfield>
    <subfield code="a">J61</subfield>
    <subfield code="2">jelc</subfield>
  </datafield>
  <datafield tag="100" ind1="1" ind2=" ">
    <subfield code="a">Grieveson, Richard</subfield>
  </datafield>
  <datafield tag="245" ind1="1" ind2="0">
    <subfield code="a">EU Faces a Tough Demographic Reckoning</subfield>
  </datafield>
  <datafield tag="260" ind1=" " ind2=" ">
    <subfield code="a">Wien :</subfield>
    <subfield code="b">Wiener Institut f&#xFC;r Internationale Wirtschaftsvergleiche (wiiw),</subfield>
    <subfield code="c">2019.</subfield>
  </datafield>
  <datafield tag="300" ind1=" " ind2=" ">
    <subfield code="a">17 S., </subfield>
    <subfield code="b">3 Tables and 9 Figures,</subfield>
    <subfield code="c">30cm.</subfield>
  </datafield>
  <datafield tag="490" ind1="1" ind2=" ">
    <subfield code="a">wiiw Policy Notes and Reports</subfield>
    <subfield code="v">30</subfield>
  </datafield>
  <datafield tag="520" ind1=" " ind2=" ">
    <subfield code="a">By 2030, labour demand could be equal to labour supply in most of the EU, creating significant challenges for policy-makers and firms.


	The &#x2018;tipping point&#x2019; at which labour demand will become equal to labour supply in the EU &#x2013; that is, when labour will become a constraint on economic growth &#x2013; is now imminent. If current trends continue, most EU countries will hit this &#x2018;tipping point&#x2019; during the next decade, many by 2025. Vacancy rates and surveys of employers find that firms in some sectors are already facing severe labour constraints on production.



	Most of CEE will be hit first, not least because they are still losing so many workers to Western Europe. For Western Europe, however, the situation will also become difficult soon, especially for Germany.



	This is an enormous challenge for policy-makers, and will become even more so in the future. Policy options to counter demographic trends can be split into four main areas: higher productivity, immigration, activity rates, or fertility. However, none is a silver bullet. Even if all of these policies are pursued successfully and in combination, they are unlikely to fundamentally alter the picture.



	The implications of this demographic decline do not have to be all negative. Combined with intelligent upgrading of infrastructure and investment in productivity-enhancing improvements in industry, there is no reason that these population trends cannot go hand-in-hand with increases in per capita GDP and living standards. Much can be learned from Japan in this regard.

	&#xA0;
	The politics of the future in the EU is likely to be defined by generational questions, and potentially inter-generational conflict. Policy discussions are likely to centre ever more on immigration, how to fund old-age and child care, how to extend working lives, automation, and the problematic issue of financial incentives to increase fertility rates.

</subfield>
  </datafield>
  <datafield tag="650" ind1=" " ind2=" ">
    <subfield code="a">demographics</subfield>
  </datafield>
  <datafield tag="650" ind1=" " ind2=" ">
    <subfield code="a">migration</subfield>
  </datafield>
  <datafield tag="650" ind1=" " ind2=" ">
    <subfield code="a">emigration</subfield>
  </datafield>
  <datafield tag="650" ind1=" " ind2=" ">
    <subfield code="a">immigration</subfield>
  </datafield>
  <datafield tag="650" ind1=" " ind2=" ">
    <subfield code="a">automation</subfield>
  </datafield>
  <datafield tag="651" ind1=" " ind2=" ">
    <subfield code="a">European Union</subfield>
  </datafield>
  <datafield tag="690" ind1=" " ind2=" ">
    <subfield code="a">Labour, Migration and Income Distribution</subfield>
  </datafield>
  <datafield tag="700" ind1="1" ind2=" ">
    <subfield code="a">Leitner, Sandra M.</subfield>
  </datafield>
  <datafield tag="700" ind1="1" ind2=" ">
    <subfield code="a">Stehrer, Robert</subfield>
    <subfield code="9">5</subfield>
  </datafield>
  <datafield tag="830" ind1=" " ind2="0">
    <subfield code="v">30</subfield>
    <subfield code="w">WIIW0000092</subfield>
    <subfield code="t">wiiw Policy Notes and Reports</subfield>
  </datafield>
  <datafield tag="856" ind1="4" ind2="0">
    <subfield code="u">https://wiiw.ac.at/p-4912.html</subfield>
  </datafield>
  <datafield tag="942" ind1=" " ind2=" ">
    <subfield code="c">P</subfield>
  </datafield>
  <datafield tag="999" ind1=" " ind2=" ">
    <subfield code="c">8802</subfield>
    <subfield code="d">8802</subfield>
  </datafield>
  <datafield tag="952" ind1=" " ind2=" ">
    <subfield code="0">0</subfield>
    <subfield code="1">0</subfield>
    <subfield code="4">0</subfield>
    <subfield code="7">0</subfield>
    <subfield code="a">BIB</subfield>
    <subfield code="b">BIB</subfield>
    <subfield code="c">1</subfield>
    <subfield code="d">2019-06-12</subfield>
    <subfield code="i">pwiiw4912</subfield>
    <subfield code="l">0</subfield>
    <subfield code="o">30</subfield>
    <subfield code="p">1000010004912</subfield>
    <subfield code="r">2019-06-12 00:00:00</subfield>
    <subfield code="w">2019-06-12</subfield>
    <subfield code="y">P</subfield>
  </datafield>
</record>
